السحر و الطب في الحضارات القديمة / (رقم التسجيلة. 133977)

تفاصيل مارك
000 -LEADER
fixed length control field 00652nam a22002057a 4500
005 - DATE AND TIME OF LATEST TRANSACTION
control field 20251108175430.0
008 - FIXED-LENGTH DATA ELEMENTS--GENERAL INFORMATION
fixed length control field 250721s2015 xx 000 0 ara d
082 14 - DEWEY DECIMAL CLASSIFICATION NUMBER
Classification number 615.85/يحي
100 1# - MAIN ENTRY--PERSONAL NAME
Personal name يحيى، أسامة عدنانس
245 10 - TITLE STATEMENT
Title السحر و الطب في الحضارات القديمة /
246 11 - VARYING FORM OF TITLE
Title proper/short title magic and medicine in ancient civilzations
264 1# - PRODUCTION, PUBLICATION, DISTRIBUTION, MANUFACTURE, AND COPYRIGHT NOTICE
Place of production, publication, distribution, manufacture عمان :
Name of producer, publisher, distributor, manufacturer امواج للطباعة والنشر والتوزيع،
Date of production, publication, distribution, manufacture, or copyright notice 2015.
300 ## - PHYSICAL DESCRIPTION
Extent 433ص.
650 17 - SUBJECT ADDED ENTRY--TOPICAL TERM
Topical term or geographic name as entry element الطب
650 17 - SUBJECT ADDED ENTRY--TOPICAL TERM
Topical term or geographic name as entry element السحر والتنجيم
650 17 - SUBJECT ADDED ENTRY--TOPICAL TERM
Topical term or geographic name as entry element العلاج
650 17 - SUBJECT ADDED ENTRY--TOPICAL TERM
Topical term or geographic name as entry element والأمراض
942 ## - ADDED ENTRY ELEMENTS (KOHA)
Source of classification or shelving scheme Dewey Decimal Classification
Koha item type كتب
المقتنيات
حالة السحب حالة الفقدان مصدر التصنيف حالة التلف غير قابل للإعارة المكتبة الرئيسية المكتبة الحالية موقع الرف تاريخ التزويد الرقم المتسلسل Total Checkouts رقم الإستدعاء الباركود تاريخ آخر ظهور تاريخ الفاتورة نوع المادة (كوها)
    Dewey Decimal Classification     المكتبة المركزية المكتبة المركزية الإعارة 28/07/2025 1620544   615.85/يحي PLD00368381 28/07/2025 28/07/2025 كتب
    Dewey Decimal Classification     مكتبة أبو علندا العامة مكتبة أبو علندا العامة الإعارة 17/02/2016 1620552   615.85/يحي PLD00374795 28/07/2025 17/02/2016 كتب
    Dewey Decimal Classification     مكتبة أم قصير والمقابلين العامة مكتبة أم قصير والمقابلين العامة الإعارة 17/02/2016 1620546   615.85/يحي PLD00374786 28/07/2025 17/02/2016 كتب
    Dewey Decimal Classification     مكتبة الأميرة ايمان العامة مكتبة الأميرة ايمان العامة الإعارة 17/02/2016 1620549   615.85/يحي PLD00374790 28/07/2025 17/02/2016 كتب
    Dewey Decimal Classification     مكتبة الحسن العامة مكتبة الحسن العامة الإعارة 17/02/2016 1620548   615.85/يحي PLD00374789 28/07/2025 17/02/2016 كتب
    Dewey Decimal Classification     مكتبة حمزة العامة مكتبة حمزة العامة الإعارة 17/02/2016 1620553   615.85/يحي PLD00374796 28/07/2025 17/02/2016 كتب
    Dewey Decimal Classification     مكتبة صويلح العامة مكتبة صويلح العامة الإعارة 17/02/2016 1620550   615.85/يحي PLD00374792 28/07/2025 17/02/2016 كتب
    Dewey Decimal Classification     مكتبة وادي السير العامة مكتبة وادي السير العامة الإعارة 17/02/2016 1620551   615.85/يحي PLD00374794 28/07/2025 17/02/2016 كتب
Implemented & Customized by: BBB with SCIT (Smart Chains for Information Technology)

Powered by Koha